000 01489cam a22004454i 4500
003 PE-LiUPU
005 20250731173252.0
008 150616s1971 sp r 000 0 spa d
035 _a(Sirsi) a3561
040 _aPE-LiUPU
_bspa
_cPE-LiUPU
_dPE-LiUPU
_erda
049 _aPRUA
082 0 4 _a260
_bG984c
_223
100 1 0 _aGutiérrez García, José Luís,
_eautor.
245 1 0 _aConceptos fundamentales en la doctrina social de la iglesia /
_cJosé Luis Gutiérrez García.
264 1 _aMadrid :
_bCentro de Estudios Sociales del Valle de los Caidos,
_c1971.
300 _a520 páginas ;
_c26 centímetros.
336 _atext
_2rdacontent
337 _aunmediated
_2rdamedia
338 _avolume
_2rdacarrier
490 0 _a(Colección documental de ciencias sociales)
505 0 _aTomo 1: A - D Tomo 2: E - L Tomo 3: M - P Tomo 4: Q - Z
526 _aSEG42
526 _aSEG41
526 _aSEG40
526 _aSEG39
526 _aP94
526 _aP87
526 _aP86
526 _aP85
526 _aP77
526 _aP76
526 _aP35
650 1 4 _aSociología cristiana
_vDiccionarios.
_93013
650 1 4 _aIglesia y problemas sociales
_vDiccionarios.
_93014
910 _ajck
942 _2ddc
_cBK
_n0
949 _a260
_wDEWEY
_c1
_i12603
_lCCODEBUL1
_mBUL
_p00.00
_r0
_sY
_tBOOK
_u2015-04-23
_xTEOLOGIA
_zUNKNOWN
_0COMPRA
_o.STAFF. Colección General
980 _81
_gALBERTO SANCHEZ Responsable de Automatización
999 _c43593
_d43593